000 00489nam a2200181 4500
003 LK-CoDNM
005 20231221103803.0
008 231221b |||||||| |||| 00| 0 eng d
020 _a9786246266028
040 _aLK-CoDNM
_dLK-CoDNM
_eLK-CoDNM
041 _asin
080 _aX8C31
_bජයසි
100 _aජයසිංහ,ඕෂධී
245 _aසුළගට පවසමි
260 _aGanemulla
_bStoryflix (PVT)Ltd.
_c2022
300 _a312p.,21cm
942 _n0
_cBK
999 _c144214
_d144214